The New NBA Nicknames - Statistics

General Stats
  • This quiz has been taken 45 times
  • The average score is 7 of 20
Answer Stats
Nickname Player % Correct
The Anomaly Jayson Tatum
84%
The Onomatopoeia Bam Adebayo
63%
The Paradox Cade Cunningham
63%
The Alliteration Jaren Jackson Jr.
53%
The Spectrum Scottie Barnes
50%
The Ad Hominem Fallacy Jalen Green
47%
The Predicament Evan Mobley
44%
The Climax Jalen Brunson
44%
The Conundrum Shai Gilgeous-Alexander
38%
The Difference Tyrese Haliburton
31%
The Peculiarity Luka Doncic
28%
The Pythagorean Theorem Brandin Podziemski
22%
The Trolley Problem Santi Aldama
22%
The Outback Outlier Dyson Daniels
19%
The Riddle Jamal Murray
19%
The Singularity Cam Thomas
13%
The Incongruity Lauri Markkanen
13%
The Investigation Terry Rozier
13%
The Concept Max Strus
6%
The Paranormal Activity Rob Dillingham
6%
No matching quizzes found
Score Distribution
Percent of People with Each Score
Percentile by Number Answered
Your Score History
You have not taken this quiz